{"text_format":"3","workbook":"xlsx","n_sheets":1,"sheets":["Протокол ШЭ ВОШ по предмету"],"not_rendered":{"defined_names":1},"read":"whole","date_system":"1900"}

{"sheet":"Протокол ШЭ ВОШ по предмету","index":0,"n_rows":41,"n_cols":15,"rows_kept":41}
["№","Фамилия","Имя","Отчество","Дата рождения","Пол","Участник с ОВЗ (да/нет)","Класс обучения","Класс участия","Балл","Максимальный балл","Статус","Призёр муниципального этапа прошлого года","ФИО учителя","Место работы учителя"]
[1,"Тузеева ","Анастасия ","Юрьевна","2005-08-26","ж","нет",11,11,53,100,"участник","нет","Степанов Бронислав Анатольевич","Муниципальное бюджетное общеобразовательное учреждение \"Школа № 29 г. Нижнекамск Республики Татарстан"]
[2,"Мадюкова ","Полина","Эдуардовна","2005-08-23","ж","нет",11,11,67,100,"участник","нет","Степанов Бронислав Анатольевич","Муниципальное бюджетное общеобразовательное учреждение \"Школа № 29 г. Нижнекамск Республики Татарстан"]
[3,"Арутюнян ","Артур","Аликович","2005-03-09","м","нет",11,11,50,100,"Участник","нет","Степанов Бронислав Анатольевич","Муниципальное бюджетное общеобразовательное учреждение \"Школа № 29 г. Нижнекамск Республики Татарстан"]
[4,"Бойко","Данила","Антонович","2005-04-20","м","нет",11,11,47,100,"Участник","нет","Степанов Бронислав Анатольевич","Муниципальное бюджетное общеобразовательное учреждение \"Школа № 29 г. Нижнекамск Республики Татарстан"]
[5,"Латыпов","Мирсаит","Рамилевич","2005-07-13","м","нет",11,11,49,100,"Участник","нет","степанов Бронислав Анатольевич","Муниципальное бюджетное общеобразовательное учреждение \"Школа № 29 г. Нижнекамск Республики Татарстан"]
[6,"Пигузова","Татьяна","Юрьевна","2005-01-01","ж","нет",11,11,86,100,"призер","нет","Степанов Бронислав Анатольевич","Муниципальное бюджетное общеобразовательное учреждение \"Школа № 29 г. Нижнекамск Республики Татарстан"]
[7,"Сибгатова ","Камилла","фаритовна","2005-07-02","ж","нет",11,11,59,100,"участник","нет","Степанов Бронислав Анатольевич","Муниципальное бюджетное общеобразовательное учреждение \"Школа № 29 г. Нижнекамск Республики Татарстан"]
[8,"Косова "," Ксения","Эдуардовна","2005-09-11","ж","нет",11,11,4,100,"Участник","нет","Степанов Бронислав Анатольевич","Муниципальное бюджетное общеобразовательное учреждение \"Школа № 29 г. Нижнекамск Республики Татарстан"]
[9,"Агафонова","Кира","Евгеньевна","2005-12-13","ж","нет",11,11,51,100,"участник","нет","Степанов Бронислав Анатольевич","Муниципальное бюджетное общеобразовательное учреждение \"Школа № 29 г. Нижнекамск Республики Татарстан"]
[10,"Бикмухаметова","Алина","Рустемовна","2005-10-20","ж","нет",11,11,13,100,"Участник","нет","Степанов Бронислав Анатольевич","Муниципальное бюджетное общеобразовательное учреждение \"Школа № 29 г. Нижнекамск Республики Татарстан"]
[11,"Мелешина","Виктория","Андреевна","2007-02-05","ж","нет",9,9,63,100,"призер","нет","Степанов Бронислав Анатольевич","Муниципальное бюджетное общеобразовательное учреждение \"Школа № 29 г. Нижнекамск Республики Татарстан"]
[12,"Соловьева ","Анастасия ","Андреевна","2007-04-28","ж","нет",9,9,12,100,"Участник","нет","Степанов Бронислав Анатольевич","Муниципальное бюджетное общеобразовательное учреждение \"Школа № 29 г. Нижнекамск Республики Татарстан"]
[13,"Салахова","Эльвина","Ильдаровна","2007-05-22","ж","нет",9,9,11,100,"Участник","нет","Степанов Бронислав Анатольевич","Муниципальное бюджетное общеобразовательное учреждение \"Школа № 29 г. Нижнекамск Республики Татарстан"]
[14,"Попова","Арина","Евгеньевна","2006-12-04","ж","нет",9,9,15,100,"Участник","нет","Степанов Бронислав Анатольевич","Муниципальное бюджетное общеобразовательное учреждение \"Школа № 29 г. Нижнекамск Республики Татарстан"]
[15,"Кокотовская","Яна","Алексеевна","2007-07-07","ж","нет",9,9,17,100,"Участник","нет","Степанов Бронислав Анатольевич","Муниципальное бюджетное общеобразовательное учреждение \"Школа № 29 г. Нижнекамск Республики Татарстан"]
[16,"Миндигалимова","Эвелина","Рустамовна","2007-03-22","ж","нет",9,9,14,100,"Участник","нет","Степанов Бронислав Анатольевич","Муниципальное бюджетное общеобразовательное учреждение \"Школа № 29 г. Нижнекамск Республики Татарстан"]
[17,"Окружнова ","Анастасия","Вячеславовна","2007-03-05","ж","нет",9,9,26,100,"участник","нет","Степанов Бронислав Анатольевич","Муниципальное бюджетное общеобразовательное учреждение \"Школа № 29 г. Нижнекамск Республики Татарстан"]
[18,"Роменская","Екатерина","Олеговна","2007-05-11","ж","нет",9,9,28,100,"участник","нет","Степанов Бронислав Анатольевич","Муниципальное бюджетное общеобразовательное учреждение \"Школа № 29 г. Нижнекамск Республики Татарстан"]
[19,"Петров ","Илья ","Антонович","2007-04-17","м","нет",9,9,31,100,"участник","нет","Степанов Бронислав Анатольевич","Муниципальное бюджетное общеобразовательное учреждение \"Школа № 29 г. Нижнекамск Республики Татарстан"]
[20,"Квитковских ","Ольга","Алекссевна","2007-09-26","ж","нет",9,9,53,100,"участник","нет","Степанов Бронислав Анатольевич","Муниципальное бюджетное общеобразовательное учреждение \"Школа № 29 г. Нижнекамск Республики Татарстан"]
[21,"Юнусов","Алмаз","Ильнурович","2008-05-03","м","нет",8,8,13,70,"участник","нет","Степанов Бронислав Анатольевич","Муниципальное бюджетное общеобразовательное учреждение \"Школа № 29 г. Нижнекамск Республики Татарстан"]
[22,"Шатанов","Глеб","Максимович","2008-09-10","м","нет",8,8,16,70,"участник","нет","Степанов Бронислав Анатольевич","Муниципальное бюджетное общеобразовательное учреждение \"Школа № 29 г. Нижнекамск Республики Татарстан"]
[23,"Хайруллина","Камилла ","Рамилевна","2008-07-20","м","нет",8,8,43,70,"участник","нет","Степанов Бронислав Анатольевич","Муниципальное бюджетное общеобразовательное учреждение \"Школа № 29 г. Нижнекамск Республики Татарстан"]
[24,"Филиппова ","Валерия","Николаевна","2008-06-20","ж","нет",8,8,28,70,"участник","нет","Степанов Бронислав Анатольевич","Муниципальное бюджетное общеобразовательное учреждение \"Школа № 29 г. Нижнекамск Республики Татарстан"]
[25,"Сиваков ","Максим","Вячеславович","2008-06-03","м","нет",8,8,24,70,"участник","нет","Степанов Бронислав Анатольевич","Муниципальное бюджетное общеобразовательное учреждение \"Школа № 29 г. Нижнекамск Республики Татарстан"]
[26,"Андриянова","Софья","Алексеевна","2008-08-26","ж","нет",8,8,51,70,"призер","нет","Степанов Бронислав Анатольевич","Муниципальное бюджетное общеобразовательное учреждение \"Школа № 29 г. Нижнекамск Республики Татарстан"]
[27,"Семенова","Эвелина","Михайловна","2008-04-07","ж","нет",8,8,32,70,"участник","нет","Степанов Бронислав Анатольевич","Муниципальное бюджетное общеобразовательное учреждение \"Школа № 29 г. Нижнекамск Республики Татарстан"]
[28,"Сажнева ","Карина","Александровна","2007-12-25","ж","нет",8,8,12,70,"участник","нет","Степанов Бронислав Анатольевич","Муниципальное бюджетное общеобразовательное учреждение \"Школа № 29 г. Нижнекамск Республики Татарстан"]
[29,"Сабитов ","Амир","Альбертович","2008-02-04","м","нет",8,8,26,70,"участник","нет","Степанов Бронислав Анатольевич","Муниципальное бюджетное общеобразовательное учреждение \"Школа № 29 г. Нижнекамск Республики Татарстан"]
[30,"Вешинина","Анна","Андреевна","2008-07-05","ж","нет",8,8,59,70,"участник","нет","Степанов Бронислав Анатольевич","Муниципальное бюджетное общеобразовательное учреждение \"Школа № 29 г. Нижнекамск Республики Татарстан"]
[31,"Шведов","Илья ","Сергеевич","2006-09-16","м","нет",10,10,33,100,"участник","нет","Степанов Бронислав Анатольевич","Муниципальное бюджетное общеобразовательное учреждение \"Школа № 29 г. Нижнекамск Республики Татарстан"]
[32,"Семенов","Александр ","Алексеевич","2006-01-31","м","нет",10,10,42,100,"участник","нет","Степанов Бронислав Анатольевич","Муниципальное бюджетное общеобразовательное учреждение \"Школа № 29 г. Нижнекамск Республики Татарстан"]
[33,"Закирова","Алия ","Альбертовна","2006-06-26","ж","нет",10,10,23,100,"участник","нет","Степанов Бронислав Анатольевич","Муниципальное бюджетное общеобразовательное учреждение \"Школа № 29 г. Нижнекамск Республики Татарстан"]
[34,"Гайнуллина","Камиля","Ильдаровна","2006-09-25","ж","нет",10,10,35,100,"участник","нет","Степанов Бронислав Анатольевич","Муниципальное бюджетное общеобразовательное учреждение \"Школа № 29 г. Нижнекамск Республики Татарстан"]
[35,"Сафина","Алина","Марсовна","2006-04-28","ж","нет",10,10,39,100,"участник","нет","Степанов Бронислав Анатольевич","Муниципальное бюджетное общеобразовательное учреждение \"Школа № 29 г. Нижнекамск Республики Татарстан"]
[36,"Новокшанов ","Антон","Игоревич","2006-02-25","м","нет",10,10,67,100,"призер","нет","Степанов Бронислав Анатольевич","Муниципальное бюджетное общеобразовательное учреждение \"Школа № 29 г. Нижнекамск Республики Татарстан"]
[37,"Макаров","Владимир","Алексеевич","2005-11-03","м","нет",10,10,23,100,"участник","нет","Степанов Бронислав Анатольевич","Муниципальное бюджетное общеобразовательное учреждение \"Школа № 29 г. Нижнекамск Республики Татарстан"]
[38,"Чевачин","Максим","Сергеевич","2006-10-09","м","нет",10,10,34,100,"участник","нет","Степанов Бронислав Анатольевич","Муниципальное бюджетное общеобразовательное учреждение \"Школа № 29 г. Нижнекамск Республики Татарстан"]
[39,"Шигапова","Камилла","Ильшатовна","2006-09-17","ж","нет",10,10,43,100,"участник","нет","Степанов Бронислав Анатольевич","Муниципальное бюджетное общеобразовательное учреждение \"Школа № 29 г. Нижнекамск Республики Татарстан"]
[40,"Цибульская","Яна","Артемовна","2006-04-28","ж","нет",10,10,56,100,"участник","нет","Степанов Бронислав Анатольевич","Муниципальное бюджетное общеобразовательное учреждение \"Школа № 29 г. Нижнекамск Республики Татарстан"]